| 000 | 02114cam a2200421 i 4500 | ||
|---|---|---|---|
| 999 |
_c118146 _d118146 |
||
| 003 | BJBSDDR | ||
| 005 | 20230411090900.0 | ||
| 007 | ta | ||
| 008 | 191013s2014 enk b 001 0 eng | ||
| 020 | _a9780745656069 (pbk.) | ||
| 020 | _a0745656064 (pbk.) | ||
| 040 |
_aLBSOR/DLC _beng _cDLC |
||
| 041 | _aeng | ||
| 042 | _apcc | ||
| 050 | 1 | 4 |
_aP 94 _bE78d 2014 |
| 082 | 0 | 0 | _a302.23/1 |
| 100 | 1 | _aEss, Charles. | |
| 245 | 1 | 0 |
_aDigital media ethics / _cCharles Ess. |
| 250 | _aSecond edition | ||
| 264 | 1 |
_aCambridge ; _aMedford, MA : _bPolity, _c2014. |
|
| 300 |
_axxii, 298 pages ; _c21 cm. |
||
| 336 |
_atext _btxt _2rdacontent |
||
| 337 |
_aunmediated _bn _2rdamedia |
||
| 338 |
_avolume _bnc _2rdacarrier |
||
| 490 | 0 | _aDigital media and society series | |
| 504 | _aIncludes bibliographical references and index. | ||
| 505 | 0 | _aForeword by Luciano Floridi -- Preface to the third edition -- Central issues in the ethics of digital media -- Privacy in the (post-)digital era? -- Copying and distributing via digital media : copyright, copyleft, global perspectives -- Friendship, death online, slow/fair technology, and democracy -- Still more ethical issues : digital sex, sexbots and games -- Digital media ethics : overview, frameworks, resources. | |
| 520 |
_a"The third edition of this accessible and interdisciplinary textbook has been thoroughly updated to incorporate the latest research and developments, including the rise of Big Data, AI, and the Internet of Things. Digital Media Ethics will continue to be the go-to textbook for anyone getting to grips with this important topic"-- _cProvided by publisher. |
||
| 650 | 0 |
_aDigital media _xMoral and ethical aspects. |
|
| 650 | 4 |
_aMedios digitales _91642 |
|
| 650 | 4 |
_aMedios de comunicación de masas _xAspectos morales y éticos _926589 |
|
| 650 | 0 | _aInformation society. | |
| 650 | 4 |
_aSociedad de la información _91633 |
|
| 830 | 0 |
_94894 _aDigital media and society series |
|
| 906 |
_a7 _bcbc _corignew _d1 _eecip _f20 _gy-gencatlg |
||
| 942 |
_2lcc _cBK |
||